Flags to Languages - Statistics

General Stats
  • This quiz has been taken 174,643 times
  • The average score is 14 of 18
Answer Stats
Picture Answer % Correct
English
99%
Japanese
99%
Portuguese
96%
French
95%
Italian
95%
Swedish
95%
Korean
83%
Turkish
83%
Hebrew
80%
Spanish
80%
German
74%
Vietnamese
74%
Thai
72%
Arabic
71%
Malay
68%
Russian
63%
Persian
59%
Bengali
58%
No matching quizzes found
Score Distribution
Percent of People with Each Score
Percentile by Number Answered
Your Score History
You have not taken this quiz